Antimateria / (Record no. 136795)

MARC details
000 -CABECERA
campo de control de longitud fija 02081nam a22003254i 4500
001 - NÚMERO DE CONTROL
campo de control 991061509085206706
003 - IDENTIFICADOR DEL NÚMERO DE CONTROL
campo de control ES-BaIT
005 - FECHA Y HORA DE LA ÚLTIMA TRANSACCIÓN
campo de control 20251107091046.0
008 - DATOS DE LONGITUD FIJA--INFORMACIÓN GENERAL
campo de control de longitud fija 251029s2024 sp |||| |||| 0|0 d spa|c
017 ## - NÚMERO DE COPYRIGHT O DE DEPÓSITO LEGAL
Número de copyright o de depósito legal DL M 14045-2024
Agencia que asigna Oficina DL Madrid
020 ## - NÚMERO INTERNACIONAL ESTÁNDAR DEL LIBRO
Número Internacional Estándar del Libro 9788410060210
040 ## - FUENTE DE LA CATALOGACIÓN
Centro catalogador/agencia de origen ES-BaIT
Lengua de catalogación cat
Normas de descripción rda
Centro/agencia transcriptor ES-BaIT
080 ## - NÚMERO DE LA CLASIFICACIÓN DECIMAL UNIVERSAL
Número de la Clasificación Decimal Universal 860-2"20"
100 1# - ENTRADA PRINCIPAL--NOMBRE DE PERSONA
Nombre de persona Atanes, Carlos,
Fechas asociadas al nombre 1971-
Término indicativo de función/relación autor
9 (RLIN) 167782
245 10 - MENCIÓN DE TÍTULO
Título Antimateria /
Mención de responsabilidad, etc. Carlos Atanes ; prólogo de Juan José Afonso
250 ## - MENCIÓN DE EDICIÓN
Mención de edición Primera edición
264 #1 - PRODUCCIÓN, PUBLICACIÓN, DISTRIBUCIÓN, FABRICACIÓN Y COPYRIGHT
Producción, publicación, distribución, fabricación y copyright Madrid :
Nombre del de productor, editor, distribuidor, fabricante Ediciones Antígona,
Fecha de producción, publicación, distribución, fabricación o copyright 2024
300 ## - DESCRIPCIÓN FÍSICA
Extensión 85 pàgines :
Otras características físicas il·lustracions ;
Dimensiones 21 cm
336 ## - TIPO DE CONTENIDO
Término de tipo de contenido text
Código de tipo de contenido txt
Fuente rdacontent
337 ## - TIPO DE MEDIO
Nombre/término del tipo de medio sense mediació
Código del tipo de medio n
Fuente rdamedia
338 ## - TIPO DE SOPORTE
Nombre/término del tipo de soporte volum
Código del tipo de soporte nc
Fuente rdacarrier
490 1# - MENCIÓN DE SERIE
Mención de serie Teatro ;
Designación de volumen o secuencia 241
500 ## - NOTA GENERAL
Nota general P2: H2
520 ## - SUMARIO, ETC.
Sumario, etc. "Después de varios meses de residencia en casa de su mentor, el estudiante Ramírez descorcha una botella para celebrar su despedida. Pero lo que empieza pareciendo un intercambio cordial de opiniones sobre arte y filosofía sufre un vuelco inesperado. ¿Es depravado imaginar la depravación?, pregunta el profesor. La revelación de un secreto inconfesable desata un conflicto desquiciado entre ambos personajes: los conceptos adquieren de repente un poder mortífero y la violencia imaginaria se funde con la violencia física. La contienda discurre, por un lado, paralela al empeño por dirimir si existe una frontera clara entre acto y pensamiento, un límite que separe la fantasía íntima de sus consecuencias en el mundo real y, por el otro, bajo la sombra amenazadora del escándalo y del linchamiento público. Antimateria es un thriller de personajes y, al mismo tiempo, un thriller de ideas articulado en torno a cuestiones tan imperecederas y tan vigentes como la libertad de pensamiento, la naturaleza del mal o la exposición masiva de la privacidad." -- Contracoberta
700 1# - ENTRADA AGREGADA--NOMBRE PERSONAL
Nombre de persona Afonso, Juan José
Término indicativo de función/relación escriptor d'un pròleg
9 (RLIN) 167783
830 #0 - PUNTO DE ACCESO ADICIONAL DE SERIE-TÍTULO UNIFORME
Título uniforme Teatro (Ediciones Antígona)
Designación de volumen o secuencia 241
9 (RLIN) 145202
908 ## - COLOCAR PARÁMETRO DE COMANDO (RLIN)
Colocar parámetro de comando CDMAE
940 ## - EQUIVALENCIA O REFERENCIA-CRUZADA--TÍTULO UNIFORME [OBSOLETO] [solamente CAN/MARC]
Título uniforme <a href="CVA2">CVA2</a>
942 ## - ELEMENTOS DE ENTRADA AGREGADA (KOHA)
Fuente del sistema de clasificación o colocación Clasificación decimal universal
Tipo de ítem Koha Llibre
Holdings
Estado de retiro Estado de pérdida Fuente del sistema de clasificación o colocación Estado dañado No para préstamo Localización permanente Ubicación/localización actual Ubicación en estantería Fecha de adquisición Fuente de adquisición Total de préstamos Signatura topográfica completa Código de barras Fecha visto por última vez Precio válido a partir de Tipo de ítem Koha
    Clasificación decimal universal     Biblioteca Barcelona Biblioteca Barcelona BCN Lliure Accés 07/11/2025 Compra   860 ATA ant 1900089460 07/11/2025 07/11/2025 Llibre

Powered by Koha